000 01023nas a2200253Ia 4500
001 R017/F7945
003 IT-RoPAU
008 151124c99999999xx |||||||||||| ||und||
040 _aIT-RoPAU
040 _cIT-RoPAU
041 _aITALIANO
100 _aAA.VV.
_gCodice Aut. SPICS: 12000
210 _aFILMCRITICA
222 _aFilmcritica
245 _aFILMCRITICA SCUOLA, ANNO 02-N.06 (APRILE 1999)
_bFilmcritica Scuola, Anno 02-N.06 (Aprile 1999)
250 _a1a ed.
260 _aMONTEPULCIANO (SI)
_bLE BALZE
_c1999
501 _bPaulus - SPICS - Società San Paolo EM (non-commercial uses only)
_cCopyright2015
300 _a16 p.
362 _aANNO 002, N.06 (APRILE 1999)
500 _aSupplemento a Filmcritica, N.494. Cos'E' Questo Oscar? di E. Bruno. Cinestoria: Cinema e ... Di G. Paganelli. Classic: Aurora di F.W. Murnau di A. Cappabianca. Stanley Kubrick, Profilo di A. Cappabianca. Leggere il Cinema: Sergej Ejzenstejn Teorico di L.
650 _aCINEMA
_vPUBBLICAZIONE PERIODICA
942 _cCR
999 _c112122
_d112122